Solo de BTS - Statistiques

Statistiques générales
  • Ce quiz a été pris 474 fois
    456 depuis la dernière actualisation
  • Le résultat moyen est 18 sur 67
Statistiques - réponses
Membre Solo % Correct
Jungkook Still With You
71%
JungKook Seven
65%
Jin The Astronaut
61%
Jungkook Euphoria
58%
Jin Epiphany
57%
Suga Daechwita
55%
Jimin Serendipity
50%
Jimin Lie
49%
Jimin Like Crazy
48%
V Singularity
46%
Jimin Filter
44%
Jin Awake
43%
Suga Haegeum
42%
Jimin Set Me Free pt.2
42%
Jungkook Begin
41%
V Stigma
40%
J-hope Ego
39%
RM Intro: Persona
39%
Jungkook My Time
38%
RM Trivia: Love
36%
J-hope DayDream
35%
Jin Super Tuna
35%
RM Wild Flower
35%
Suga Trivia: Seesaw
33%
J-hope Mama
32%
Suga D-DAY
31%
Suga Interlude: Shadow
30%
Suga AMYGDALA
29%
Suga People
28%
V Winter Bear
27%
Jimin Alone
24%
Suga First Love
24%
Jin ft. JK Stay
24%
Jin Abyss
22%
J-hope Airplane
22%
Jungkook Dreamers
22%
V Inner Child
22%
Jungkook Stay Alive
22%
Jimin Face-Off
21%
Suga The Last
21%
Suga Snooze
20%
Suga Life Goes On
19%
RM Reflection
19%
Suga ft. MAX Burn It
18%
Suga Give It To Me
17%
Jin Yours
16%
J-hope Chicken, Noodle, Soop
15%
Suga ft. Jhope HUH ?!
15%
J-hope On the Street
15%
Suga SDL
15%
V Sweet Night
15%
Jungkook ft. Charlie Puth Left & Right
14%
Suga Polar Night
14%
V Christmas Tree
13%
Suga ft. SURAN So Far Away
11%
Suga What Do You Think ?
10%
Suga ft. IU People pt.2
9%
V ft.Peakboy Snow Flower
9%
Suga ft. RM Strange
8%
Jimin ft. Taeyang Vibe
7%
Jimin Interlude : Dive
6%
RM Mono
6%
Jungkook Decalcomania
5%
Suga ft. IU Eight
5%
Suga Interlude: Down
2%
Suga (In Halsey Album) Suga's Interlude
2%
RM Rap Monster
1%
Aucun quiz correspondant
Distribution des résultats
% des personnes avec chaque résultat
Percentile par nombre de réponses
Votre historique - résultats
Vous n’avez pas pris ce quiz depuis la dernière actualisation